000 03700cam a2200349 4500500
005 20260201061723.0
041 _afre
042 _adc
100 1 0 _aBourgoin, Gilles
_eauthor
700 1 0 _aBeaumelle, Camille
_eauthor
700 1 0 _aJacquiet, Philippe
_eauthor
700 1 0 _aYannic, Glenn
_eauthor
245 0 0 _aLa faune sauvage est-elle responsable de la transmission de parasites résistants entre élevages ?
260 _c2026.
500 _a14
520 _aLes nématodes gastro-intestinaux (NGI) causent d’importantes pertes économiques chez les ongulés. L’utilisation répétée d’antiparasitaires a favorisé l’émergence de résistances, notamment aux benzimidazoles et aux lactones macrocycliques. Les changements globaux (augmentation des populations, fragmentation des habitats) favorisent les contacts entre faunes domestique et sauvage. De nombreux parasites sont partagés entre elles, avec des niveaux de prévalence et d’intensité variables, selon les espèces hôtes et les parasites concernés. Haemonchus contortus, parasite majeur des petits ruminants, est fréquemment détecté chez les ongulés sauvages vivant à proximité du bétail. Les analyses génétiques révèlent des échanges réguliers de parasites entre espèces. Des mutations conférant la résistance aux benzimidazoles sont observées chez plusieurs espèces de parasites chez les ongulés sauvages, parfois en proportions importantes. Les études expérimentales confirment une transmission bidirectionnelle de parasites résistants. Les ongulés sauvages pourraient maintenir et disperser les parasites résistants, mais aussi des parasites sensibles, plus faciles à contrôler dans les élevages. Les probabilités de transmission et leurs conséquences dépendent du contexte, notamment de l’espèce hôte, de la biologie du parasite, et de l’environnement.
520 _aGastrointestinal nematodes (GINs) cause significant economic losses in ungulates. The repeated use of anthelmintics has led to the development of resistance, particularly to benzimidazoles and macrocyclic lactones. Global changes, such as population increases and habitat fragmentation, enhance contact between domestic and wild fauna. Depending on the host and parasite species, many parasites are shared. Haemonchus contortus, a major parasite of small ruminants, is often found in wild ungulates living near livestock. Genetic analyses reveal regular parasite exchanges between species. Mutations conferring benzimidazole resistance have been observed in several parasite species in wild ungulates, sometimes at high frequencies. Experimental studies confirm the bidirectional transmission of resistant parasites. While wild ungulates could maintain and disperse resistant strains, they also preserve sensitive strains that are beneficial to livestock. The probabilities and consequences of transmission depend on the context, including the host species, the biology of the parasite, and the environment.
690 _abenzimidazoles
690 _afaune sauvage
690 _anématodes gastro-intestinaux
690 _arésistance aux antiparasitaires
690 _astrongles
690 _atransmission inter-espèces
690 _aanthelmintic resistance
690 _abenzimidazoles
690 _agastro-intestinal nematodes
690 _ainter-species transmission
690 _astrongyles
690 _awildlife
786 0 _nLe Nouveau Praticien Vétérinaire - Élevage & santé | 17 | 2 | 2026-01-06 | p. 42-50 | 1777-7232
856 4 1 _uhttps://stm.cairn.info/revue-le-nouveau-praticien-veterinaire-elevage-sante-2025-2-page-42?lang=fr&redirect-ssocas=7080
999 _c1639688
_d1639688